000 00734nam a2200217Ia 4500
005 20230811113854.0
008 131103s9999 xx 000 0 und d
040 _aLoreto College
041 _aEnglish
082 _a920
_bVAS
100 _aVasari,Giorgio
245 _aVasari's Lives of the artists
_bBiographies of the most eminent architects, painters and sculptors of Italy
_cabridged and edited by Betty Burroughs
260 _aLondon
_bGeorge Allen & Unwin
_c1960
300 _axiii,309 p.
_b illus.
504 _aAnother copy is published by Simon and Schuster
650 _aBiography
651 _aArchitects, painters,sculptors - Biography
_yItaly
700 _aBurroughs,Betty
_4ed.
850 _aLCLIB
942 _cBK
999 _c13955
_d64434